Cowboys quiz - Statistics

General Stats
  • This quiz has been taken 27 times
  • The average score is 7 of 10
Answer Stats
Hint Answer % Correct
How many Superbowls do they have? 5
100%
How many Superbowls have they appeared in? 8
95%
What division are they in? NFC East
95%
What conference are they in? NFC
89%
Who is their #1 passer? Tony Romo
89%
When was their first Superbowl win? 1971
79%
What year were they established? 1960
58%
What is their worst record? 3-13
47%
Who is their #1 receiving leader? Jason Witten
47%
What is their best record? 12-2
21%
No matching quizzes found
Score Distribution
Percent of People with Each Score
Percentile by Number Answered
Your Score History
You have not taken this quiz